RETAILING MANAGEMENT (Record no. 9652)

MARC details
000 -LEADER
fixed length control field 00288nam a22001457a 4500
003 - CONTROL NUMBER IDENTIFIER
control field SGT
082 ## - DEWEY DECIMAL CLASSIFICATION NUMBER
Classification number 658.87,PRA
100 ## - MAIN ENTRY--PERSONAL NAME
Personal name PRADHAN,S
245 ## - TITLE STATEMENT
Title RETAILING MANAGEMENT
250 ## - EDITION STATEMENT
Edition statement 3RD
260 ## - PUBLICATION, DISTRIBUTION, ETC. (IMPRINT)
Place of publication, distribution, etc NEW DELHI
Name of publisher, distributor, etc TMH
Year of Publication 2009
300 ## - PAGE DESCRIPTION
No. of Pages 613
650 ## - SUBJECT ADDED ENTRY--TOPICAL TERM
Topical term or geographic name as entry element RETAILING
942 ## - ADDED ENTRY ELEMENTS (KOHA)
Source of classification or shelving scheme Dewey Decimal Classification
Koha item type Books
Holdings
Withdrawn status Lost status Source of classification or shelving scheme Damaged status Not for loan Collection code Home library Current library Shelving location Date acquired Vendor Name SGTU Full call number Accession No. (Barcode) Date last seen Bill Date Koha item type
    Dewey Decimal Classification   Not For Loan LAW SGT Science & Social Sciences Library SGT Science & Social Sciences Library Reference Book 26/07/2016 GIFT BY DR, DILIP SINGH SGTU 658.87,PRA FL246 26/07/2016 26/07/2016 Books